000 00837nam1a22002411 4500
001 rc\139188
005 20030307112345.7
035 _a(NLR Aleph) 008759744
090 _a7857986
_c7857986
100 _a20030307d1996 u |0rusy50 ca
101 0 _arus
102 _aRU
105 _ay |||||||||
200 1 _aСобрание сочинений
_eВ 3 т.
_e[Пер. с англ.]
_fДжон Диксон Карр
_g[Ред. совет: Кузин В.Н. и др.
_gВступ. ст. О. Алякринского
_gХудож. Ким А.]
210 _aМ.
_cПрибой
_d1996
215 _d21
700 1 _aКарр
_bД. Д.
_f1906-1977
_gДжон Диксон
_3RU\NLR\AUTH\7712532
702 1 _aКузин
_bВ. Н.
_4340
801 0 _aRU
_bNLR
_gpsbo
801 1 _aRU
_bELAR
_2rusmarc
852 _aNLR
_j96-3/3328
942 _cBOOK
980 _aNB